[Event "Cap d'Agde op 21st"]
[Site "Cap d'Agde"]
[Date "2023.10.30"]
[Round "4"]
[White "Flear, Glenn C"]
[Black "Girel, Joseph"]
[Result "0-1"]
[WhiteElo "2407"]
[BlackElo "2494"]
[PlyCount "50"]
[EventDate "2023.10.28"]
[EventType "swiss"]
[EventRounds "9"]
[EventCountry "FRA"]
[SourceTitle "Mega2024 Update 01"]
[Source "Chessbase"]
[SourceDate "2023.11.12"]
[SourceVersion "1"]
[SourceVersionDate "2023.11.12"]
[SourceQuality "1"]

1. d4 Nf6 2. c4 e6 3. Nc3 Bb4 4. e3 0-0 5. Bd2 b6 6. Nf3 Bb7 7. Bd3 d5 8. cxd5 exd5 9. Rc1 Re8 10. 0-0 Bf8 11. Ne5 c5 12. f4 Nc6 13. Be1 cxd4 14. exd4 Nxd4 15. Bh4 Rc8 16. Kh1 Ne6 17. Bb5 d4 18. Bxe8 Qxe8 19. Ne2 Nd5 20. f5 Rxc1 21. Nxc1 Ne3 22. fxe6 Qxe6 23. Qxd4 Bxg2+ 24. Kg1 Bxf1 25. Nd7 Qh3 0-1

[Event "WchT Seniors 50"]
[Site "Struga"]
[Date "2023.09.28"]
[Round "9.3"]
[White "Guo, Jun"]
[Black "Flear, Glenn C"]
[Result "0-1"]
[WhiteElo "2244"]
[BlackElo "2405"]
[PlyCount "52"]
[EventDate "2023.09.19"]
[EventType "team-swiss"]
[EventRounds "9"]
[EventCountry "MKD"]
[SourceTitle "EXT 2024"]
[Source "ChessBase"]
[SourceDate "2023.10.10"]
[SourceVersion "1"]
[SourceVersionDate "2023.10.10"]
[SourceQuality "1"]
[WhiteTeam "China Shenzhen 50 (W)"]
[BlackTeam "England 50"]
[WhiteTeamCountry "CHN"]
[BlackTeamCountry "ENG"]

1. e4 e5 2. d4 exd4 3. Qxd4 Nc6 4. Qe3 Nf6 5. Bd2 Bb4 6. c3 Be7 7. c4 0-0 8. Nc3 Ng4 9. Qe2 d6 10. 0-0-0 f5 11. h3 Nf6 12. exf5 Bxf5 13. g4 Bg6 14. f4 Nd4 15. Qg2 c5 16. f5 Be8 17. g5 Bc6 18. Nd5 Nxd5 19. cxd5 Ba4 20. f6 Bxd1 21. fxe7 Qxe7 22. Kxd1 Rxf1+ 23. Qxf1 Qe4 24. Rh2 Qc2+ 25. Ke1 Qb1+ 26. Kf2 Rf8+ 0-1

[Event "WchT Seniors 50"]
[Site "Struga"]
[Date "2023.09.23"]
[Round "5.3"]
[White "Flear, Glenn C"]
[Black "Ehlvest, Jaan"]
[Result "1/2-1/2"]
[WhiteElo "2405"]
[BlackElo "2530"]
[PlyCount "48"]
[EventDate "2023.09.19"]
[EventType "team-swiss"]
[EventRounds "9"]
[EventCountry "MKD"]
[SourceTitle "EXT 2024"]
[Source "ChessBase"]
[SourceDate "2023.10.10"]
[SourceVersion "1"]
[SourceVersionDate "2023.10.10"]
[SourceQuality "1"]
[WhiteTeam "England 50"]
[BlackTeam "United States 50"]
[WhiteTeamCountry "ENG"]
[BlackTeamCountry "USA"]

1. d4 Nf6 2. c4 e6 3. Nc3 Bb4 4. e3 0-0 5. Bd2 b6 6. Nf3 Bb7 7. Bd3 d5 8. cxd5 exd5 9. Rc1 a6 10. Ne5 Bd6 11. f4 c5 12. 0-0 Nc6 13. Ng4 Be7 14. Nxf6+ Bxf6 15. dxc5 bxc5 16. b3 Nb4 17. Bb1 a5 18. Na4 c4 19. Nc5 Bc6 20. Bc3 cxb3 21. axb3 Bxc3 22. Rxc3 Qf6 23. Qd4 Qxd4 24. exd4 Rfe8 1/2-1/2

[Event "Saint Affrique op 29th"]
[Site "Saint Affrique"]
[Date "2023.07.22"]
[Round "1"]
[White "Rinie, Jean Jacques"]
[Black "Flear, Glenn C"]
[Result "0-1"]
[WhiteElo "1562"]
[BlackElo "2395"]
[PlyCount "41"]
[EventDate "2023.07.22"]
[EventType "swiss"]
[EventRounds "9"]
[EventCountry "FRA"]
[SourceTitle "CBM 215 Extra"]
[Source "ChessBase"]
[SourceDate "2023.09.30"]
[SourceVersion "1"]
[SourceVersionDate "2023.09.30"]
[SourceQuality "1"]

1. e4 e5 2. Nf3 Nc6 3. d4 exd4 4. Nxd4 Bc5 5. Nxc6 Qf6 6. Qd2 bxc6 7. Nc3 Ne7 8. Bd3 Ng6 9. 0-0 0-0 10. Na4 Bd6 11. Nc3 Ne5 12. f4 Ng4 13. Qe2 Bc5+ 14. Kh1 Nxh2 15. Qh5 Nxf1 16. Qxh7+ Kxh7 17. e5+ Qg6 18. Bxg6+ Kxg6 19. Na4 Bd6 20. Nc3 Bc5 21. Nb1 0-1

[Event "EU-chT Seniors 50"]
[Site "Swidnica"]
[Date "2023.07.20"]
[Round "9.4"]
[White "Kantorik, Marian"]
[Black "Flear, Glenn C"]
[Result "1/2-1/2"]
[WhiteElo "2200"]
[BlackElo "2395"]
[PlyCount "51"]
[EventDate "2023.07.12"]
[EventType "team-tourn"]
[EventRounds "9"]
[EventCountry "POL"]
[SourceTitle "CBM 215 Extra"]
[Source "ChessBase"]
[SourceDate "2023.09.30"]
[SourceVersion "1"]
[SourceVersionDate "2023.09.30"]
[SourceQuality "1"]
[WhiteTeam "Slovakia 50"]
[BlackTeam "England 50"]
[WhiteTeamCountry "SVK"]
[BlackTeamCountry "ENG"]

1. d4 d5 2. c4 e6 3. Nc3 Nf6 4. Bg5 Nbd7 5. e3 Be7 6. Nf3 h6 7. Bh4 0-0 8. Bd3 c5 9. 0-0 b6 10. cxd5 Nxd5 11. Bxe7 Qxe7 12. Nxd5 exd5 13. b3 Bb7 14. Qe2 Nf6 15. Rac1 a5 16. a4 Rfc8 17. Rc2 Ne4 18. Rfc1 cxd4 19. Rxc8+ Rxc8 20. Rxc8+ Bxc8 21. Nxd4 Qa3 22. h3 Qc1+ 23. Kh2 Qc7+ 24. Kg1 Qc1+ 25. Kh2 Qc7+ 26. Kg1 1/2-1/2

[Event "EU-chT Seniors 50"]
[Site "Swidnica"]
[Date "2023.07.16"]
[Round "5.5"]
[White "Flis, Pawel"]
[Black "Flear, Glenn C"]
[Result "0-1"]
[WhiteElo "1916"]
[BlackElo "2395"]
[PlyCount "86"]
[EventDate "2023.07.12"]
[EventType "team-tourn"]
[EventRounds "9"]
[EventCountry "POL"]
[SourceTitle "CBM 215 Extra"]
[Source "ChessBase"]
[SourceDate "2023.09.30"]
[SourceVersion "1"]
[SourceVersionDate "2023.09.30"]
[SourceQuality "1"]
[WhiteTeam "Poland Amateurs 50"]
[BlackTeam "England 50"]
[WhiteTeamCountry "POL"]
[BlackTeamCountry "ENG"]

1. e4 e5 2. Nf3 Nc6 3. d4 exd4 4. Bc4 Nf6 5. e5 d5 6. Bb5 Nd7 7. Bxc6 bxc6 8. Nxd4 Nb8 9. 0-0 Be7 10. Be3 c5 11. Nb3 c4 12. Nd4 0-0 13. Nd2 c5 14. Ne2 Nc6 15. Bf4 f6 16. exf6 Bxf6 17. c3 Bf5 18. Qa4 Qd7 19. Rfe1 Rae8 20. Ng3 Bd3 21. Nh5 Bd8 22. Bg3 g5 23. Rxe8 Rxe8 24. Nf1 Bg6 25. Qd1 Qf7 26. Qa4 Re6 27. Ne3 Bxh5 28. Nxd5 Be2 29. Ne3 Bd3 30. b3 h5 31. h3 cxb3 32. axb3 Bf6 33. Rd1 Bg6 34. Nd5 Be5 35. Bxe5 Nxe5 36. Qa5 Nd3 37. f3 Kg7 38. Qd8 Re8 39. Qd6 Qe6 40. Qc7+ Kh6 41. c4 Qe2 42. Ra1 Qf2+ 43. Kh2 Re1 0-1

[Event "EU-chT Seniors 50"]
[Site "Dresden"]
[Date "2022.11.02"]
[Round "7.4"]
[White "Eriksson, Urban"]
[Black "Flear, Glenn C"]
[Result "0-1"]
[WhiteElo "1830"]
[BlackElo "2425"]
[PlyCount "78"]
[EventDate "2022.10.27"]
[EventType "team-swiss"]
[EventRounds "9"]
[EventCountry "GER"]
[SourceTitle "EXT 2024"]
[Source "ChessBase"]
[SourceDate "2023.10.10"]
[SourceVersion "1"]
[SourceVersionDate "2023.10.10"]
[SourceQuality "1"]
[WhiteTeam "Sweden North 50"]
[BlackTeam "England 50"]
[WhiteTeamCountry "SWE"]
[BlackTeamCountry "ENG"]

1. e4 e5 2. Nf3 Nc6 3. Bb5 a6 4. Bxc6 dxc6 5. 0-0 Qf6 6. d4 exd4 7. Qxd4 Qxd4 8. Nxd4 Bd7 9. Be3 0-0-0 10. Nc3 Re8 11. Rfe1 Ne7 12. Nb3 b6 13. a4 a5 14. Nd4 Ng6 15. Rad1 Ne5 16. Bf4 Bb4 17. Nf5 Bxf5 18. exf5 Nc4 19. Bc1 Rxe1+ 20. Rxe1 Rd8 21. g4 Rd4 22. h3 Bxc3 23. bxc3 Rd5 24. Bf4 Kd7 25. Ra1 Nb2 26. Kf1 Rd1+ 27. Rxd1+ Nxd1 28. c4 f6 29. g5 Nb2 30. g6 hxg6 31. fxg6 Nxc4 32. Bh6 Ne5 33. Bxg7 Ke7 34. h4 Nxg6 35. h5 Nf4 36. h6 Kf7 37. c4 b5 38. cxb5 cxb5 39. axb5 a4 0-1

[Event "EU-chT Seniors 50"]
[Site "Dresden"]
[Date "2022.10.30"]
[Round "4.4"]
[White "Flear, Glenn C"]
[Black "Lagunow, Alexander"]
[Result "1/2-1/2"]
[WhiteElo "2425"]
[BlackElo "2360"]
[PlyCount "102"]
[EventDate "2022.10.27"]
[EventType "team-swiss"]
[EventRounds "9"]
[EventCountry "GER"]
[SourceTitle "EXT 2024"]
[Source "ChessBase"]
[SourceDate "2023.10.10"]
[SourceVersion "1"]
[SourceVersionDate "2023.10.10"]
[SourceQuality "1"]
[WhiteTeam "England 50"]
[BlackTeam "Berlin 50"]
[WhiteTeamCountry "ENG"]
[BlackTeamCountry "GER"]

1. d4 Nf6 2. c4 e6 3. Nc3 Bb4 4. e3 c5 5. Nge2 d5 6. a3 Ba5 7. dxc5 dxc4 8. Qxd8+ Kxd8 9. Bd2 Nbd7 10. Nc1 Nxc5 11. Bxc4 Bb6 12. f3 Bd7 13. b4 Na4 14. Nxa4 Bxa4 15. Nd3 Ke7 16. Nb2 Bd7 17. Ke2 Rhc8 18. Bd3 h6 19. Rac1 Rxc1 20. Rxc1 Rc8 21. Nc4 Bc7 22. g3 Bb8 23. e4 Ne8 24. f4 f6 25. Be3 b6 26. Bd2 Bb5 27. Nb2 Rxc1 28. Bxc1 Bxd3+ 29. Kxd3 b5 30. Be3 e5 31. f5 a6 32. Nd1 Kf7 33. Bc5 Bd6 34. Bb6 Ke7 35. Ne3 Kd7 36. Nd5 Bb8 37. Bc5 Bd6 38. Ba7 Bf8 39. Bb6 Bd6 40. g4 Bb8 41. Bc5 Bd6 42. Ba7 Kc6 43. Bb6 Bb8 44. h3 Nd6 45. Bc5 Ne8 46. Ne7+ Kd7 47. Nd5 Bd6 48. Bb6 Bb8 49. h4 Nd6 50. Bc5 Ke8 51. Bxd6 Bxd6 1/2-1/2

[Event "EU-chT Seniors 50"]
[Site "Dresden"]
[Date "2022.10.28"]
[Round "2.4"]
[White "Flear, Glenn C"]
[Black "Kuhne, Detlev"]
[Result "1-0"]
[WhiteElo "2425"]
[BlackElo "2107"]
[PlyCount "87"]
[EventDate "2022.10.27"]
[EventType "team-swiss"]
[EventRounds "9"]
[EventCountry "GER"]
[SourceTitle "EXT 2024"]
[Source "ChessBase"]
[SourceDate "2023.10.10"]
[SourceVersion "1"]
[SourceVersionDate "2023.10.10"]
[SourceQuality "1"]
[WhiteTeam "England 50"]
[BlackTeam "Deutsche Bahn 50"]
[WhiteTeamCountry "ENG"]
[BlackTeamCountry "GER"]

1. d4 d5 2. c4 c6 3. Nc3 Nf6 4. e3 e6 5. Nf3 Nbd7 6. Bd3 dxc4 7. Bxc4 Bd6 8. e4 e5 9. dxe5 Nxe5 10. Nxe5 Bxe5 11. Qxd8+ Kxd8 12. Bxf7 Bxc3+ 13. bxc3 Nxe4 14. 0-0 Bd7 15. Re1 Nd6 16. Bb3 Re8 17. Bf4 Rxe1+ 18. Rxe1 Ne8 19. f3 b5 20. Bg5+ Nf6 21. Re5 a5 22. Bxf6+ gxf6 23. Rh5 Kc7 24. Rxh7 Re8 25. Kf2 Kd6 26. h4 a4 27. Bc2 Be6 28. a3 Bc4 29. Be4 Bd5 30. Bg6 Rb8 31. h5 c5 32. Ra7 b4 33. cxb4 cxb4 34. axb4 Rxb4 35. Kg3 Bc6 36. h6 Rb8 37. h7 Rh8 38. Rf7 Kc5 39. Kf4 a3 40. Ra7 Kb4 41. Bb1 Bd5 42. Kf5 Kb3 43. Kxf6 Kb2 44. Kg7 1-0

[Event "Aix en Provence"]
[Site "Aix en Provence"]
[Date "2022.08.30"]
[Round "9"]
[White "Fedorchuk, Sergey A"]
[Black "Flear, Glenn C"]
[Result "1-0"]
[WhiteElo "2617"]
[BlackElo "2422"]
[PlyCount "79"]
[EventDate "2022.08.24"]
[EventType "tourn"]
[EventRounds "9"]
[EventCountry "FRA"]
[EventCategory "10"]
[SourceTitle "CBM 210 Extra"]
[Source "ChessBase"]
[SourceDate "2022.11.30"]
[SourceVersion "1"]
[SourceVersionDate "2022.11.30"]
[SourceQuality "1"]

1. e4 e5 2. Nf3 Nc6 3. Bb5 a6 4. Ba4 Nf6 5. 0-0 Be7 6. Re1 b5 7. Bb3 d6 8. c3 0-0 9. h3 Na5 10. Bc2 c5 11. d4 Qc7 12. Nbd2 cxd4 13. cxd4 Rd8 14. b3 Bb7 15. Bb2 Nc6 16. d5 Nb4 17. Bb1 Rac8 18. Re3 a5 19. a3 Na6 20. Bd3 Qb6 21. Qe2 Nc7 22. a4 b4 23. Nc4 Qa7 24. Rd1 Nce8 25. Nh2 Nd7 26. Ng4 f5 27. exf5 Bxd5 28. Rg3 Bh4 29. Qe3 Nc5 30. f6 Bxg3 31. Qxg3 Nxd3 32. Rxd3 Bxc4 33. bxc4 Kh8 34. fxg7+ Nxg7 35. Qh4 Rf8 36. Rxd6 Rce8 37. Nxe5 Kg8 38. Rd7 Qa8 39. Rxg7+ Kxg7 40. Qg5+ 1-0

[Event "Aix en Provence"]
[Site "Aix en Provence"]
[Date "2022.08.28"]
[Round "7"]
[White "Rakotomaharo, Fy Antenaina"]
[Black "Flear, Glenn C"]
[Result "1-0"]
[WhiteElo "2479"]
[BlackElo "2422"]
[PlyCount "67"]
[EventDate "2022.08.24"]
[EventType "tourn"]
[EventRounds "9"]
[EventCountry "FRA"]
[EventCategory "10"]
[SourceTitle "CBM 210 Extra"]
[Source "ChessBase"]
[SourceDate "2022.11.30"]
[SourceVersion "1"]
[SourceVersionDate "2022.11.30"]
[SourceQuality "1"]

1. e4 e5 2. Nf3 Nc6 3. Bb5 Nge7 4. 0-0 g6 5. c3 a6 6. Ba4 Bg7 7. d4 exd4 8. cxd4 b5 9. Bb3 Na5 10. Bd2 Nxb3 11. Qxb3 0-0 12. d5 c5 13. Bc3 d6 14. Bxg7 Kxg7 15. Re1 f6 16. Nbd2 Bd7 17. Qe3 Ng8 18. b4 cxb4 19. Nb3 Nh6 20. Nfd4 Ng4 21. Qg3 Qb6 22. Rad1 Rac8 23. Ne6+ Bxe6 24. dxe6 Ne5 25. Nd4 Rc3 26. Nf5+ Kh8 27. e7 Re8 28. Qh4 gxf5 29. Qxf6+ Kg8 30. Qe6+ Nf7 31. exf5 Rc2 32. Re3 Rc3 33. Rxc3 bxc3 34. Rd3 1-0

[Event "Aix en Provence"]
[Site "Aix en Provence"]
[Date "2022.08.27"]
[Round "6"]
[White "Flear, Glenn C"]
[Black "Aarav, Dengla"]
[Result "1/2-1/2"]
[WhiteElo "2422"]
[BlackElo "2382"]
[PlyCount "85"]
[EventDate "2022.08.24"]
[EventType "tourn"]
[EventRounds "9"]
[EventCountry "FRA"]
[EventCategory "10"]
[SourceTitle "CBM 210 Extra"]
[Source "ChessBase"]
[SourceDate "2022.11.30"]
[SourceVersion "1"]
[SourceVersionDate "2022.11.30"]
[SourceQuality "1"]

1. d4 d5 2. c4 e6 3. Nc3 a6 4. cxd5 exd5 5. Bf4 Nf6 6. e3 h6 7. Bd3 c5 8. dxc5 Bxc5 9. Nge2 Nc6 10. h3 0-0 11. 0-0 d4 12. exd4 Nxd4 13. Rc1 Be6 14. Be5 Nxe2+ 15. Qxe2 Nd7 16. Bg3 Re8 17. Qf3 Bd4 18. Rfd1 Be5 19. Be4 Bxg3 20. Qxg3 Qb6 21. Nd5 Bxd5 22. Bxd5 Ne5 23. Qb3 Qxb3 24. Bxb3 Re7 25. Kf1 g5 26. Rd6 Kg7 27. Rcd1 Rc7 28. Rd8 Rxd8 29. Rxd8 Rc1+ 30. Rd1 Rxd1+ 31. Bxd1 Nd3 32. Bf3 b6 33. Be2 Nxb2 34. Bxa6 Kf6 35. Ke2 Ke5 36. Bb5 Kd4 37. Kf3 f5 38. Bd7 Ke5 39. a4 Nd3 40. Ke3 Nc5 41. Bc6 Kd6 42. Be8 Ke5 43. Bc6 1/2-1/2

[Event "Aix en Provence"]
[Site "Aix en Provence"]
[Date "2022.08.27"]
[Round "5"]
[White "Laurent Paoli, Pierre"]
[Black "Flear, Glenn C"]
[Result "0-1"]
[WhiteElo "2495"]
[BlackElo "2422"]
[PlyCount "102"]
[EventDate "2022.08.24"]
[EventType "tourn"]
[EventRounds "9"]
[EventCountry "FRA"]
[EventCategory "10"]
[SourceTitle "CBM 210 Extra"]
[Source "ChessBase"]
[SourceDate "2022.11.30"]
[SourceVersion "1"]
[SourceVersionDate "2022.11.30"]
[SourceQuality "1"]

1. e4 e5 2. Nf3 Nc6 3. Bb5 Nge7 4. Nc3 g6 5. d4 exd4 6. Nd5 Bg7 7. Bg5 h6 8. Bf6 Bxf6 9. Nxf6+ Kf8 10. Qd2 d5 11. Bxc6 Nxc6 12. Nxd5 Bf5 13. Qf4 Bxe4 14. Nxc7 Qe7 15. 0-0 g5 16. Qg3 Rc8 17. Rfe1 Rxc7 18. Rxe4 Qxe4 19. Qxc7 Kg7 20. h3 Qxc2 21. Nxd4 Qxb2 22. Nf5+ Kg6 23. Rd1 Re8 24. Ng3 Qb4 25. Kh2 Qb6 26. Qd7 Re6 27. Qc8 Ne7 28. Qc2+ f5 29. Rd7 Qb5 30. Rd8 Qe5 31. Qd1 f4 32. Qd3+ Kf7 33. Nh5 Qe4 34. Qd7 Qc6 35. Qd4 Kg6 36. g4 fxg3+ 37. Nxg3 Qf3 38. Qd2 h5 39. Qc2+ Kg7 40. Rd3 Qf7 41. Qd2 Kh6 42. h4 Qf4 43. hxg5+ Qxg5 44. f4 Qh4+ 45. Kg2 Rg6 46. f5+ Rg5 47. Qe3 Nxf5 48. Qe6+ Kh7 49. Rd7+ Ng7 50. Qe3 Qg4 51. Rd4 Qxg3+ 0-1

[Event "Aix en Provence"]
[Site "Aix en Provence"]
[Date "2022.08.25"]
[Round "2"]
[White "Flear, Glenn C"]
[Black "Bailet, Pierre"]
[Result "0-1"]
[WhiteElo "2422"]
[BlackElo "2511"]
[PlyCount "86"]
[EventDate "2022.08.24"]
[EventType "tourn"]
[EventRounds "9"]
[EventCountry "FRA"]
[EventCategory "10"]
[SourceTitle "CBM 210 Extra"]
[Source "ChessBase"]
[SourceDate "2022.11.30"]
[SourceVersion "1"]
[SourceVersionDate "2022.11.30"]
[SourceQuality "1"]

1. d4 Nf6 2. c4 g6 3. Nc3 Bg7 4. e4 d6 5. Be2 0-0 6. Bg5 Na6 7. Qd2 e5 8. d5 Qe8 9. Bd1 Bd7 10. Nge2 Nh5 11. Bc2 Nb4 12. Bb1 a5 13. f3 f5 14. a3 Na6 15. exf5 Nc5 16. f6 Nxf6 17. Bc2 e4 18. 0-0 exf3 19. Rxf3 Nfe4 20. Rxf8+ Bxf8 21. Nxe4 Nxe4 22. Bxe4 Qxe4 23. Ng3 Qxc4 24. Rc1 Qg4 25. Rxc7 Bg7 26. Bf4 Rf8 27. Bxd6 Qd4+ 28. Qxd4 Bxd4+ 29. Kh1 Re8 30. Rc1 Bxb2 31. Rb1 Bd4 32. h3 b5 33. Kh2 Be5 34. Bxe5 Rxe5 35. Rd1 Kf7 36. Rd4 Re3 37. Rf4+ Ke7 38. Re4+ Rxe4 39. Nxe4 Bf5 40. Nc5 b4 41. axb4 axb4 42. Kg3 Kd6 43. Na4 Kxd5 0-1

[Event "Saint Affrique op 28th"]
[Site "Saint Affrique"]
[Date "2022.07.29"]
[Round "8"]
[White "Flear, Glenn C"]
[Black "Degraeve, Jean Marc"]
[Result "1/2-1/2"]
[WhiteElo "2409"]
[BlackElo "2519"]
[PlyCount "93"]
[EventDate "2022.07.23"]
[EventType "swiss"]
[EventRounds "9"]
[EventCountry "FRA"]
[SourceTitle "EXT 2023"]
[Source "ChessBase"]
[SourceDate "2022.10.05"]
[SourceVersion "1"]
[SourceVersionDate "2022.10.05"]
[SourceQuality "1"]

1. d4 d5 2. c4 e6 3. Nc3 c5 4. cxd5 exd5 5. Nf3 Nf6 6. g3 Nc6 7. Bg2 cxd4 8. Nxd4 Bc5 9. Nb3 Bb6 10. 0-0 d4 11. Na4 0-0 12. Nxb6 axb6 13. Bg5 Re8 14. Bxc6 bxc6 15. Qxd4 Qxd4 16. Nxd4 c5 17. Bxf6 gxf6 18. Nb5 Rxe2 19. Rfe1 Rxa2 20. Nc3 Rxe1+ 21. Rxe1 Ra8 22. Nd5 Be6 23. Nxf6+ Kg7 24. Nh5+ Kg6 25. Nf4+ Kf5 26. Nxe6 fxe6 27. g4+ Kxg4 28. Rxe6 b5 29. Re5 Ra1+ 30. Kg2 Rc1 31. b4 Kf4 32. Rh5 c4 33. Rxb5 c3 34. Rc5 Ke4 35. Rc7 Kd3 36. Rd7+ Kc2 37. Rxh7 Rb1 38. Rc7 Rxb4 39. Kf3 Kb2 40. Ke3 c2 41. f4 c1Q+ 42. Rxc1 Kxc1 43. h4 Kd1 44. h5 Rb8 45. Ke4 Ke2 46. f5 Rh8 47. Kd5 1/2-1/2

[Event "Saint Affrique op 28th"]
[Site "Saint Affrique"]
[Date "2022.07.27"]
[Round "6"]
[White "Flear, Glenn C"]
[Black "Abergel, Thal"]
[Result "1/2-1/2"]
[WhiteElo "2409"]
[BlackElo "2411"]
[PlyCount "29"]
[EventDate "2022.07.23"]
[EventType "swiss"]
[EventRounds "9"]
[EventCountry "FRA"]
[SourceTitle "EXT 2023"]
[Source "ChessBase"]
[SourceDate "2022.10.05"]
[SourceVersion "1"]
[SourceVersionDate "2022.10.05"]
[SourceQuality "1"]

1. d4 d5 2. c4 e6 3. Nc3 a6 4. cxd5 exd5 5. Bf4 Nf6 6. e3 Bd6 7. Bg5 Be6 8. Bd3 Nbd7 9. f4 h6 10. Bh4 Nb6 11. Nf3 Bg4 12. 0-0 Be7 13. Qc2 Bxf3 14. Rxf3 c6 15. Rff1 1/2-1/2

[Event "Saint Affrique op 28th"]
[Site "Saint Affrique"]
[Date "2022.07.25"]
[Round "4"]
[White "Flear, Glenn C"]
[Black "Cotonnec, Melkior"]
[Result "1-0"]
[WhiteElo "2409"]
[BlackElo "2267"]
[PlyCount "81"]
[EventDate "2022.07.23"]
[EventType "swiss"]
[EventRounds "9"]
[EventCountry "FRA"]
[SourceTitle "EXT 2023"]
[Source "ChessBase"]
[SourceDate "2022.10.05"]
[SourceVersion "1"]
[SourceVersionDate "2022.10.05"]
[SourceQuality "1"]

1. d4 Nf6 2. c4 g6 3. Nc3 d5 4. Nf3 Bg7 5. cxd5 Nxd5 6. e4 Nxc3 7. bxc3 c5 8. Be3 Nc6 9. Qd2 Qa5 10. Rb1 a6 11. Rc1 cxd4 12. cxd4 Qxd2+ 13. Kxd2 e6 14. Bd3 0-0 15. h4 Rd8 16. Rc4 Bd7 17. h5 b5 18. Rcc1 Be8 19. e5 Nb4 20. Be4 Rac8 21. Bg5 Rxc1 22. Rxc1 Rb8 23. a3 Nd5 24. Bxd5 exd5 25. Rc7 gxh5 26. Nh4 a5 27. Nf5 Bf8 28. Be7 b4 29. axb4 axb4 30. Kc1 Bxe7 31. Nxe7+ Kg7 32. Nxd5 Rd8 33. Ne3 Kg6 34. d5 Bb5 35. Rb7 Rc8+ 36. Kb2 Rc5 37. f4 Bc4 38. Rb6+ Kg7 39. Nf5+ Kf8 40. Rb8+ Rc8 41. Rxc8# 1-0

[Event "Saint Affrique op 28th"]
[Site "Saint Affrique"]
[Date "2022.07.24"]
[Round "2"]
[White "Flear, Glenn C"]
[Black "Carme, Jeremie"]
[Result "1-0"]
[WhiteElo "2409"]
[BlackElo "1819"]
[PlyCount "119"]
[EventDate "2022.07.23"]
[EventType "swiss"]
[EventRounds "9"]
[EventCountry "FRA"]
[SourceTitle "EXT 2023"]
[Source "ChessBase"]
[SourceDate "2022.10.05"]
[SourceVersion "1"]
[SourceVersionDate "2022.10.05"]
[SourceQuality "1"]

1. d4 d5 2. c4 e6 3. Nc3 a6 4. cxd5 exd5 5. Nf3 Nf6 6. Bg5 Be6 7. e3 Bd6 8. Bd3 Nbd7 9. Qc2 h6 10. Bf4 Nb6 11. 0-0 0-0 12. Bxd6 Qxd6 13. a3 c6 14. h3 Rfe8 15. Rfd1 Rad8 16. Rac1 Bc8 17. Ne5 Nbd7 18. Nxd7 Qxd7 19. b4 Qe7 20. Na4 Ne4 21. Bxe4 dxe4 22. Nb6 Bf5 23. d5 Qg5 24. Kf1 Rd6 25. dxc6 Rxc6 26. Qa4 Ree6 27. Rxc6 Rxc6 28. Nd5 Bd7 29. Nf4 Rd6 30. Qc2 Qe5 31. Rxd6 Qxd6 32. Kg1 Bc6 33. Ne2 a5 34. Qb2 axb4 35. axb4 Qd1+ 36. Kh2 Qd6+ 37. g3 Qd3 38. g4 Bb5 39. Nd4 Qf1 40. Qc2 Bc4 41. Nf5 Be6 42. Ng3 Qd3 43. Qc5 g6 44. Qe5 Bd5 45. h4 Bc6 46. h5 Qd2 47. Qf6 gxh5 48. Nxh5 Kf8 49. Qxh6+ Ke7 50. Qf6+ Kf8 51. Kg3 Qxb4 52. Qd8+ Be8 53. Nf6 Qb5 54. Kf4 Qc6 55. g5 Qe6 56. Qxe8+ Qxe8 57. Nxe8 Kxe8 58. Kxe4 Ke7 59. Kd5 Kd7 60. f4 1-0

[Event "Vaujany op 13th"]
[Site "Vaujany"]
[Date "2022.07.16"]
[Round "3"]
[White "Migot, Tangi"]
[Black "Flear, Glenn C"]
[Result "1/2-1/2"]
[WhiteElo "2353"]
[BlackElo "2409"]
[PlyCount "90"]
[EventDate "2022.07.14"]
[EventType "swiss"]
[EventRounds "9"]
[EventCountry "FRA"]
[SourceTitle "EXT 2023"]
[Source "ChessBase"]
[SourceDate "2022.10.05"]
[SourceVersion "1"]
[SourceVersionDate "2022.10.05"]
[SourceQuality "1"]

1. Nf3 d5 2. g3 Bg4 3. Bg2 Nd7 4. c4 e6 5. cxd5 exd5 6. 0-0 Ngf6 7. d3 c6 8. h3 Bxf3 9. Bxf3 Bc5 10. Nc3 0-0 11. Bg2 Re8 12. e4 dxe4 13. dxe4 Ne5 14. Qxd8 Raxd8 15. Kh2 Nd3 16. f4 Bd4 17. e5 Bxc3 18. bxc3 Nxc1 19. Raxc1 Nd7 20. Rfd1 Nc5 21. Kg1 f6 22. exf6 gxf6 23. Rd4 Rd7 24. Rxd7 Nxd7 25. Rd1 Nc5 26. Kf2 Kf8 27. Rd4 Ke7 28. Be4 Nxe4+ 29. Rxe4+ Kd7 30. Rxe8 Kxe8 31. Ke3 Ke7 32. Kd4 Kd6 33. g4 b5 34. h4 c5+ 35. Ke4 a5 36. g5 fxg5 37. fxg5 b4 38. cxb4 cxb4 39. h5 Ke6 40. Kd4 a4 41. Kc4 b3 42. axb3 axb3 43. Kxb3 Kf5 44. g6 hxg6 45. hxg6 Kxg6 1/2-1/2

[Event "Vaujany op 13th"]
[Site "Vaujany"]
[Date "2022.07.15"]
[Round "2"]
[White "Flear, Glenn C"]
[Black "Bourgois, Bastien"]
[Result "1-0"]
[WhiteElo "2409"]
[BlackElo "2170"]
[PlyCount "85"]
[EventDate "2022.07.14"]
[EventType "swiss"]
[EventRounds "9"]
[EventCountry "FRA"]
[SourceTitle "EXT 2023"]
[Source "ChessBase"]
[SourceDate "2022.10.05"]
[SourceVersion "1"]
[SourceVersionDate "2022.10.05"]
[SourceQuality "1"]

1. d4 d5 2. c4 c6 3. Nc3 Nf6 4. e3 Bf5 5. cxd5 cxd5 6. Qb3 Nc6 7. Qxb7 Bd7 8. Qb3 Rb8 9. Qd1 e5 10. dxe5 Nxe5 11. Be2 Qc7 12. Nf3 Nxf3+ 13. Bxf3 Bd6 14. h3 Be5 15. 0-0 0-0 16. Nxd5 Nxd5 17. Bxd5 Bxb2 18. Bxb2 Rxb2 19. Qd4 Rc2 20. Rab1 Bc6 21. Bb3 Rd8 22. Qxd8+ Qxd8 23. Bxc2 g6 24. Rfd1 Qg5 25. e4 Qe5 26. Re1 Kg7 27. Rbd1 Kh6 28. Bb3 Bxe4 29. Bd5 Qxd5 30. Rxd5 Bxd5 31. a3 Kg7 32. Re5 Bc4 33. f4 h5 34. h4 Kf6 35. Kf2 a6 36. Ke3 Bf1 37. g3 Bc4 38. Kd4 Bf1 39. Kc5 Bd3 40. Kb6 Bc4 41. a4 Bd3 42. Ra5 Ke6 43. Rxa6 1-0